Археологически находки от Видинско (Запис номер 375670)
[ съкратено ]
| 000 -Лидер | |
|---|---|
| Контролно поле с фиксирана дължина | nkm a22 7a 4500 |
| 003 - Код на организацията, давaща контролен номер | |
| Контролно поле | BLK |
| 005 - Дата и час на последна редакция | |
| Контролно поле | 20200717125820.0 |
| 008 - Елементи от данни с фиксирана дължина | |
| fixed length control field | 200717b bu ||||| |||| 00| 0 bu d |
| 040 ## - Източник на каталожния запис | |
| Идентификатор на билиотеката - собственик на записа | BLK |
| 041 ## - Код за език | |
| Код за езика на текст/звукозапис или на отделно заглавие | Български |
| Код за езика КДБФ | Български |
| 080 ## - УДК | |
| Текстов определител УДК | Паметници на културата на историческите периоди. Археологическите паметници. Старини |
| УДК код - определител по УДК | 904 |
| УДК определител | (497.21-31)(084.12) |
| УДК - код + определител | 904(497.21-31)(084.12) |
| 100 ## - Редна дума - Автор | |
| R(LIN) | 351945 |
| Автор | Атанасова, Йорданка Борисова |
| Авторска отговорност | първи автор |
| 139 ## - Редно поле | |
| Редна дума | Атанасова, Йорданка Борисова |
| 245 ## - Сведения за заглавието | |
| Заглавие | Археологически находки от Видинско |
| Подзаглавни данни | [Изобразителен материал] : [комплект снимки] |
| Редно поле (дума) | авт.-състав. Йорданка Атанасова, Ана Йоцова, Въло Вълов ; снимки Петър Франц ; ред. Арон Кисиленко |
| 260 ## - Област на издателските данни | |
| 9 (RLIN) | 210539 |
| Място на издаване, разпространение и проч. | София : Септември, 1978 |
| Име на издателя, разпространителя и проч. | Септември |
| Година на издаване | 1976 |
| Издателство - префикс ISBN | 954-406- |
| 300 ## - Физическа характеристика | |
| Илюстрации и др. | 1 папка (8 с. текст, 12 отд. цв. л. снимки) |
| Размери/Мащаб | 15 х 13 см |
| 380 ## - Жанр | |
| Жанр | История |
| 500 ## - Общи забележки | |
| Забележка | Парал. текст на рус. и нем. ез. |
| 700 ## - Други автори (авторска отговорност) | |
| 9 (RLIN) | 351948 |
| Лично име | Йоцова, Ана |
| Автороска отговорност (Описва отношението между автора и произведението) | съавт. |
| 700 1# - Други автори (авторска отговорност) | |
| 9 (RLIN) | 49869 |
| Лично име | Вълов, Въло Цанков |
| Автороска отговорност (Описва отношението между автора и произведението) | съавт. |
| 700 ## - Други автори (авторска отговорност) | |
| 9 (RLIN) | 351319 |
| Лично име | Франц, Петър |
| Автороска отговорност (Описва отношението между автора и произведението) | фотогр. |
| 700 ## - Други автори (авторска отговорност) | |
| 9 (RLIN) | 1311 |
| Лично име | Кисиленко, Арон |
| Автороска отговорност (Описва отношението между автора и произведението) | ред. |
| 852 ## - Местоположение | |
| Форматна сигнатура | Цб І 38755 |
| Фондова буква | Хранилище |
| 999 ## - СИСТЕМНИ КОНТРОЛНИ НОМЕРА | |
| Koha biblionumber | 375670 |
| Koha biblioitemnumber | 375670 |
| 942 ## - АРТИКУЛИ | |
| Вид на библиотечния материал | Графични издания |
| Скрит в OPAC | Не |
| Периодичен библиозапис | Да |
| 944 ## - СЪЗДАВАНЕ И РЕДАКЦИЯ на ЗАПИСА | |
| Създаване/Редакция | Създаване |
| Дата на регистрацията/редакция | 2020-07-17 |
| Служител, извършил регистрацията/редакцията | Вася |
| Код за отписване | Код за изгубен артикул | Източник на класификационната схема | Код за повреда | Коз за рестрикции | Код за отдаване | Артикулен № | Име на библиотеката - собственик | Име на библиотеката, в която се намира в момента | Статус (Текущо местоположение) | Дата на вписване в системата | Местоположение - отдел | Цена в лева | Инвентарен номер | Систематично азбучна сигнатура | Баркод | Цена в евро | Служебен тип на артикула |
|---|---|---|---|---|---|---|---|---|---|---|---|---|---|---|---|---|---|
| Не е изгубен | Universal Decimal Classification | Не е повреден | без рестрикции | ползва се в читалня | 784896 | Регионална библиотека "Любен Каравелов" Русе | Регионална библиотека "Любен Каравелов" Русе | Хранилище | 2020-07-21 | Хранилище | 1.80 | 254036 | Цб І 38755 | 120000254036 | 0.92 | Графични издания |